000 00710nam a22002417a 4500
001 59729
003 UA-OsUOA
005 20211228142954.0
007 ta
008 20090415b un ||||| |||| 00| 0 ukr d
040 _aUA-OsUOA
_brus
_cUA-OsUOA
_dUA-OsUOA
041 _arus
080 _a821.161.1
090 _a821.161.1
_bТ18
100 _aТанк М.
245 _aСобрание сочинений в трех томах
260 _aМ.
_bХудожественная литература
_c1985
300 _a494 с.
505 _gТ. 3
_tКнига стихов. Дневниковые записи
650 7 _a821 Художня література
_2UDC
942 _cBK
_2udc
955 _a3
999 _c345815
_d345815